[Event "HUN-ch Rapid"]
[Site "Ajka"]
[Date "2021.07.17"]
[Round "6"]
[White "Emodi, Barnabas"]
[Black "Szalanczy, Emil"]
[Result "1/2-1/2"]
[WhiteElo "2347"]
[BlackElo "2121"]
[PlyCount "52"]
[EventDate "2021.07.16"]
[EventType "swiss (rapid)"]
[EventRounds "13"]
[EventCountry "HUN"]
[SourceTitle "CBM 203 Extra"]
[Source "ChessBase"]
[SourceDate "2021.09.30"]
[SourceVersion "1"]
[SourceVersionDate "2021.09.30"]
[SourceQuality "1"]

1. d4 Nf6 2. Nf3 g6 3. Bg5 Bg7 4. e3 d6 5. Nbd2 Nbd7 6. Bc4 0-0 7. 0-0 c6 8. a4 a5 9. c3 Qc7 10. Re1 e5 11. dxe5 Nxe5 12. Nxe5 dxe5 13. e4 Nh5 14. Nf1 h6 15. Be3 Re8 16. Qb3 Be6 17. Bxe6 Rxe6 18. Rad1 Nf4 19. Rd2 Qe7 20. Red1 Re8 21. Rd7 Qg5 22. Bxf4 exf4 23. Nd2 b5 24. axb5 Qxb5 25. Qxb5 cxb5 26. f3 a4 1/2-1/2

[Event "HUN-ch Rapid"]
[Site "Ajka"]
[Date "2021.07.17"]
[Round "7"]
[White "Miszler, Levente"]
[Black "Emodi, Barnabas"]
[Result "0-1"]
[WhiteElo "2231"]
[BlackElo "2347"]
[PlyCount "60"]
[EventDate "2021.07.16"]
[EventType "swiss (rapid)"]
[EventRounds "13"]
[EventCountry "HUN"]
[SourceTitle "CBM 203 Extra"]
[Source "ChessBase"]
[SourceDate "2021.09.30"]
[SourceVersion "1"]
[SourceVersionDate "2021.09.30"]
[SourceQuality "1"]

1. Nf3 Nf6 2. c4 Nc6 3. Nc3 e6 4. g3 d5 5. cxd5 exd5 6. d4 Bb4 7. Bg2 0-0 8. 0-0 h6 9. a3 Bxc3 10. bxc3 Ne4 11. Bb2 Re8 12. Ne5 Nxe5 13. dxe5 Bf5 14. Bxe4 dxe4 15. c4 Qe7 16. Qb3 Qe6 17. Rfd1 b5 18. Rac1 Rab8 19. Bd4 a6 20. Qc3 Bg4 21. f3 exf3 22. exf3 Bh3 23. cxb5 axb5 24. Qxc7 Rbc8 25. Qd6 Qb3 26. Qb4 Qxf3 27. Qd2 Rxc1 28. Rxc1 Rd8 29. Qf2 Qg4 30. Bb2 Rd1+ 0-1

[Event "HUN-ch Rapid"]
[Site "Ajka"]
[Date "2021.07.17"]
[Round "5"]
[White "Pasztor, Balazs"]
[Black "Emodi, Barnabas"]
[Result "1/2-1/2"]
[WhiteElo "2327"]
[BlackElo "2347"]
[PlyCount "135"]
[EventDate "2021.07.16"]
[EventType "swiss (rapid)"]
[EventRounds "13"]
[EventCountry "HUN"]
[SourceTitle "CBM 203 Extra"]
[Source "ChessBase"]
[SourceDate "2021.09.30"]
[SourceVersion "1"]
[SourceVersionDate "2021.09.30"]
[SourceQuality "1"]

1. e4 c5 2. Nf3 Nc6 3. d4 cxd4 4. Nxd4 g6 5. c4 Nf6 6. Nc3 d6 7. Be2 Nxd4 8. Qxd4 Bg7 9. Bg5 Qa5 10. Qd2 Be6 11. Rc1 Rc8 12. b3 b5 13. e5 dxe5 14. Nxb5 Qxd2+ 15. Bxd2 a6 16. Nc3 0-0 17. Be3 Nd7 18. f3 f5 19. Na4 e4 20. f4 Bf7 21. 0-0 e5 22. g3 exf4 23. gxf4 Nb8 24. Rfd1 Nc6 25. Nc5 a5 26. Nd7 Rfe8 27. Nb6 Rb8 28. Rd2 g5 29. fxg5 f4 30. Bc5 f3 31. Rd6 Ne5 32. Bf1 Bf8 33. Rcd1 Nd3 34. Bxd3 Bxd6 35. Bxd6 Rxb6 36. c5 Rxd6 37. cxd6 exd3 38. Rxd3 Bh5 39. d7 Rd8 40. Kf2 Kf7 41. Rd6 Ke7 42. Rh6 Bg6 43. Kxf3 Rxd7 44. h4 Rd3+ 45. Kf4 Rd2 46. h5 Bb1 47. a4 Rd4+ 48. Ke5 Rg4 49. g6 hxg6 50. Rh7+ Kf8 51. h6 Kg8 52. Ra7 Bc2 53. Kf6 Rf4+ 54. Kg5 Rf5+ 55. Kg4 Rc5 56. Rb7 Kh8 57. Kf4 g5+ 58. Kg3 Bd1 59. Kg2 Re5 60. Kf2 Rf5+ 61. Kg1 Bf3 62. Ra7 g4 63. Kh2 Bd5 64. Rxa5 Kh7 65. Kg3 Be6 66. Ra6 Rf3+ 67. Kh4 Bxb3 68. Kxg4 1/2-1/2

[Event "HUN-ch rapid"]
[Site "Ajka"]
[Date "2020.07.19"]
[Round "12"]
[White "Papp, Gabor"]
[Black "Emodi, Barnabas"]
[Result "1/2-1/2"]
[WhiteElo "2602"]
[BlackElo "2352"]
[PlyCount "65"]
[EventDate "2020.07.17"]
[EventType "swiss (rapid)"]
[EventRounds "13"]
[EventCountry "HUN"]
[SourceTitle "CBM 197 Extra"]
[Source "ChessBase"]
[SourceDate "2020.09.30"]
[SourceVersion "1"]
[SourceVersionDate "2020.09.30"]
[SourceQuality "1"]

1. e4 c5 2. Nf3 d6 3. d4 cxd4 4. Nxd4 e5 5. Nf3 Nf6 6. Bg5 Be7 7. Bxf6 Bxf6 8. c4 0-0 9. Nc3 Nc6 10. Be2 Be6 11. 0-0 Rc8 12. Rc1 a6 13. Qd2 h6 14. Rfd1 Nd4 15. Nxd4 exd4 16. Nd5 Bxd5 17. cxd5 Qb6 18. Bd3 Rfe8 19. f4 g6 20. g3 Bg7 21. Kg2 a5 22. Rc2 Rxc2 23. Qxc2 a4 24. Rc1 Ra8 25. a3 Ra5 26. Qc8+ Kh7 27. Rc2 Rc5 28. Rxc5 dxc5 29. Kh3 Qb3 30. Bf1 Qf3 31. Bb5 d3 32. e5 d2 33. Bxa4 1/2-1/2

[Event "HUN-ch rapid"]
[Site "Ajka"]
[Date "2019.07.21"]
[Round "12"]
[White "Emodi, Barnabas"]
[Black "Gelle, Istvan"]
[Result "1/2-1/2"]
[WhiteElo "2365"]
[BlackElo "2325"]
[PlyCount "122"]
[EventDate "2019.07.19"]
[EventType "swiss (rapid)"]
[EventRounds "13"]
[EventCountry "HUN"]
[SourceTitle "CBM 191 Extra"]
[Source "ChessBase"]
[SourceDate "2019.09.30"]
[SourceVersion "1"]
[SourceVersionDate "2019.09.30"]
[SourceQuality "1"]

1. d4 d5 2. Nf3 c6 3. c4 Nf6 4. Qb3 dxc4 5. Qxc4 e6 6. g3 Be7 7. Bg2 0-0 8. 0-0 b5 9. Qc2 Bb7 10. Bg5 Nbd7 11. Rd1 Rc8 12. Nc3 a6 13. Ne5 h6 14. Nxd7 Nxd7 15. Bxe7 Qxe7 16. Rac1 Nf6 17. Ne4 Nxe4 18. Qxe4 Rfd8 19. Qe5 Rd6 20. Qc5 Rcd8 21. Rd3 Kf8 22. b4 f6 23. Rcc3 e5 24. dxe5 Qxe5 25. Qxe5 fxe5 26. Be4 Ke7 27. f3 Rxd3 28. Bxd3 Rd4 29. a3 Kd7 30. Kf2 Kc7 31. e3 Rd6 32. Ke2 Kb6 33. Be4 a5 34. Rc5 axb4 35. axb4 Re6 36. h4 Kc7 37. Kd3 Kd6 38. Bf5 Re8 39. Ke4 Re7 40. g4 Re8 41. g5 hxg5 42. hxg5 Re7 43. Bg4 Re8 44. Bh3 Re7 45. Bf1 Re8 46. Be2 Bc8 47. Rc1 Be6 48. Rc2 Rf8 49. Kd3 Bf5+ 50. e4 Be6 51. Ke3 Ra8 52. Rd2+ Ke7 53. Rd3 Ra4 54. Rc3 Kd6 55. Rd3+ Kc7 56. Rd1 Rxb4 57. Rh1 Rb3+ 58. Kf2 Rb2 59. Ke3 Rb3+ 60. Kf2 Rb2 61. Ke3 Rb3+ 1/2-1/2

[Event "HUN-ch rapid"]
[Site "Ajka"]
[Date "2019.07.20"]
[Round "7"]
[White "Prohaszka, Peter"]
[Black "Emodi, Barnabas"]
[Result "1-0"]
[WhiteElo "2598"]
[BlackElo "2365"]
[PlyCount "99"]
[EventDate "2019.07.19"]
[EventType "swiss (rapid)"]
[EventRounds "13"]
[EventCountry "HUN"]
[SourceTitle "CBM 191 Extra"]
[Source "ChessBase"]
[SourceDate "2019.09.30"]
[SourceVersion "1"]
[SourceVersionDate "2019.09.30"]
[SourceQuality "1"]

1. d4 Nf6 2. c4 g6 3. g3 Bg7 4. Bg2 d5 5. Nf3 0-0 6. 0-0 Nc6 7. Nbd2 dxc4 8. Nxc4 Be6 9. b3 Bd5 10. e3 b5 11. Ncd2 Ne4 12. Bb2 a5 13. Nxe4 Bxe4 14. Ne1 Bxg2 15. Nxg2 a4 16. Rc1 Nb4 17. a3 Nd5 18. b4 Nb6 19. Qe2 Nc4 20. Rfd1 Qd7 21. Nf4 Rfd8 22. Nd3 h5 23. h4 e6 24. Rc2 e5 25. dxe5 Bxe5 26. Bc1 Qe6 27. Nc5 Qh3 28. Qf3 Rxd1+ 29. Qxd1 Bd6 30. Nxa4 Ne5 31. Nc3 Ng4 32. Qf3 Rd8 33. Qg2 Qxg2+ 34. Kxg2 c6 35. Ne4 f5 36. Ng5 Ne5 37. Nf3 Nc4 38. Nd2 Ne5 39. Kf1 Rc8 40. Ke2 Kf7 41. Bb2 Nd7 42. Nb3 Rc7 43. Bd4 Ke6 44. Nc5+ Bxc5 45. Bxc5 Ne5 46. a4 bxa4 47. Ra2 Kd5 48. Rxa4 Kc4 49. Bd6 Kb3 50. Bxc7 1-0

[Event "HUN-chT2 Maroczy 1718"]
[Site "Hungary"]
[Date "2017.12.03"]
[Round "3.3"]
[White "Emodi, Barnabas"]
[Black "Nguyen, Huynh Minh Huy"]
[Result "0-1"]
[WhiteElo "2356"]
[BlackElo "2397"]
[PlyCount "73"]
[EventDate "2017.10.29"]
[EventType "team-tourn"]
[EventRounds "9"]
[EventCountry "HUN"]
[SourceTitle "EXT 2021"]
[Source "ChessBase"]
[SourceDate "2020.10.23"]
[SourceVersion "1"]
[SourceVersionDate "2020.10.23"]
[SourceQuality "1"]
[WhiteTeam "Debrecen Sakkiskola"]
[BlackTeam "Budapest HASE"]
[WhiteTeamCountry "HUN"]
[BlackTeamCountry "HUN"]

1. c4 c6 2. e4 d5 3. exd5 cxd5 4. d4 Nf6 5. Nc3 g6 6. cxd5 Nxd5 7. Qb3 Nb6 8. Bb5+ Bd7 9. Nf3 Bg7 10. Ne5 0-0 11. Nxd7 N8xd7 12. Be3 Nf6 13. Be2 Nfd5 14. Nxd5 Nxd5 15. 0-0 Qd7 16. Bf3 e6 17. Rac1 Rac8 18. a4 Nxe3 19. fxe3 b6 20. d5 Rxc1 21. Rxc1 exd5 22. Bxd5 Qe7 23. g3 Be5 24. Kg2 Kg7 25. e4 Bd4 26. Rc2 Qe5 27. Rd2 Rc8 28. Qf3 f6 29. b3 Rc1 30. Rd1 Rc2+ 31. Kh1 Rf2 32. Qg4 f5 33. Qh4 Bc5 34. Bc6 Be7 35. Qh3 Qc3 36. Kg1 Rb2 37. exf5 0-1

[Event "HUN-chT 1314"]
[Site "Hungary"]
[Date "2014.02.16"]
[Round "5"]
[White "Emodi, Barnabas"]
[Black "Lorand, Norbert"]
[Result "1-0"]
[WhiteElo "2357"]
[BlackElo "2328"]
[PlyCount "51"]
[EventDate "2013.09.08"]
[EventType "team-tourn"]
[EventRounds "9"]
[EventCountry "HUN"]
[SourceTitle "EXT 2015"]
[Source "ChessBase"]
[SourceDate "2014.11.20"]
[SourceVersion "1"]
[SourceVersionDate "2014.11.20"]
[SourceQuality "1"]
[WhiteTeam "Penzugyor"]
[BlackTeam "Dunaharaszti"]
[WhiteTeamCountry "HUN"]
[BlackTeamCountry "HUN"]

1. d4 Nf6 2. c4 e6 3. Nf3 d5 4. Nc3 dxc4 5. e3 c5 6. Bxc4 Nc6 7. 0-0 a6 8. a4 Be7 9. Qe2 Qc7 10. Rd1 h6 11. h3 b6 12. d5 exd5 13. Bxd5 Nxd5 14. Nxd5 Qb7 15. e4 Be6 16. Bf4 Rc8 17. Nxe7 Nxe7 18. Bd6 Nc6 19. e5 Na5 20. Nd2 Nb3 21. Nxb3 Bxb3 22. Re1 Bd5 23. Qg4 h5 24. Qxg7 Kd7 25. Bxc5 Kc6 26. Qf6+ 1-0

[Event "HUN-chT 1314"]
[Site "Hungary"]
[Date "2013.11.03"]
[Round "4"]
[White "Emodi, Barnabas"]
[Black "Papp, Petra"]
[Result "1/2-1/2"]
[WhiteElo "2357"]
[BlackElo "2271"]
[PlyCount "32"]
[EventDate "2013.09.08"]
[EventType "team-tourn"]
[EventRounds "9"]
[EventCountry "HUN"]
[SourceTitle "EXT 2015"]
[Source "ChessBase"]
[SourceDate "2014.11.20"]
[SourceVersion "1"]
[SourceVersionDate "2014.11.20"]
[SourceQuality "1"]
[WhiteTeam "Penzugyor"]
[BlackTeam "Budapest Titanok"]
[WhiteTeamCountry "HUN"]
[BlackTeamCountry "HUN"]

1. Nf3 Nf6 2. d4 g6 3. Bg5 Bg7 4. e3 0-0 5. Nbd2 d5 6. Bd3 Nbd7 7. 0-0 c5 8. c3 Qb6 9. Qb3 c4 10. Qxb6 Nxb6 11. Bc2 Bf5 12. Bxf5 gxf5 13. a4 Rfe8 14. Bxf6 Bxf6 15. a5 Nd7 16. b3 cxb3 1/2-1/2

[Event "HUN-chT2 Maroczy 1314"]
[Site "Hungary"]
[Date "2013.09.08"]
[Round "1"]
[White "Emodi, Barnabas"]
[Black "Radnai, Adam"]
[Result "1/2-1/2"]
[WhiteElo "2357"]
[BlackElo "2313"]
[PlyCount "40"]
[EventDate "2013.09.08"]
[EventType "team-tourn"]
[EventRounds "11"]
[EventCountry "HUN"]
[SourceTitle "EXT 2016"]
[Source "ChessBase"]
[SourceDate "2015.10.08"]
[SourceVersion "1"]
[SourceVersionDate "2015.10.08"]
[SourceQuality "1"]
[WhiteTeam "Penzugyor II"]
[BlackTeam "Szigetszentmiklos"]
[WhiteTeamCountry "HUN"]
[BlackTeamCountry "HUN"]

1. d4 Nf6 2. c4 g6 3. Nc3 Bg7 4. e4 0-0 5. Bd3 d6 6. Nge2 c5 7. d5 e6 8. 0-0 exd5 9. exd5 Na6 10. Ng3 Nc7 11. h3 a6 12. a4 b6 13. Bg5 h6 14. Be3 Nd7 15. f4 Re8 16. Bf2 f5 17. Qd2 Nf6 18. Rab1 h5 19. Rfe1 Rxe1+ 20. Qxe1 a5 1/2-1/2

[Event "HUN-chT2 Charousek 1213"]
[Site "Hungary"]
[Date "2013.01.27"]
[Round "6"]
[White "Gergacz, Attila"]
[Black "Emodi, Barnabas"]
[Result "1-0"]
[WhiteElo "2393"]
[BlackElo "2363"]
[PlyCount "109"]
[EventDate "2012.09.16"]
[EventType "team-tourn"]
[EventRounds "11"]
[EventCountry "HUN"]
[SourceTitle "EXT 2014"]
[Source "ChessBase"]
[SourceDate "2013.11.20"]
[SourceVersion "1"]
[SourceVersionDate "2013.11.20"]
[SourceQuality "1"]
[WhiteTeam "Aquaprofit II"]
[BlackTeam "Penzugyor II"]
[WhiteTeamCountry "HUN"]
[BlackTeamCountry "HUN"]

1. e4 e5 2. Nf3 Nc6 3. Bc4 Bc5 4. c3 Qe7 5. 0-0 Nf6 6. d4 Bb6 7. d5 Nd8 8. Bd3 d6 9. a4 a6 10. Na3 0-0 11. Nc4 Ba7 12. Bg5 h6 13. Bh4 Kh8 14. Ne3 g5 15. Nxg5 hxg5 16. Bxg5 Rg8 17. Bh4 Rg6 18. Qf3 Rh6 19. Bg5 Rg6 20. Qg3 Rxg5 21. Qxg5 Ng8 22. Qg3 f6 23. Nf5 Qh7 24. Kh1 Nf7 25. Nh4 Qg7 26. Qxg7+ Kxg7 27. f3 Ne7 28. a5 Bd7 29. g4 Ng6 30. Nxg6 Kxg6 31. Kg2 Rh8 32. b4 Ng5 33. f4 Nh3 34. f5+ Kg5 35. Kf3 Nf4 36. h4+ Rxh4 37. Rh1 Rh6 38. Rxh6 Kxh6 39. Bf1 Kg7 40. Ra2 c6 41. c4 Kf8 42. Rh2 Kg7 43. dxc6 Bxc6 44. Rd2 Kf8 45. Rxd6 Ke7 46. Rd2 Bg1 47. c5 Be8 48. Rd6 Ba4 49. Rb6 Bd1+ 50. Kg3 Bd4 51. Rxb7+ Kd8 52. Bxa6 Bc2 53. c6 Bxe4 54. Rd7+ Ke8 55. Rxd4 1-0

[Event "HUN-chT 1112"]
[Site "Hungary"]
[Date "2011.11.27"]
[Round "4"]
[White "Emodi, Barnabas"]
[Black "Domany, Zsofia"]
[Result "1-0"]
[WhiteElo "2359"]
[BlackElo "2215"]
[PlyCount "141"]
[EventDate "2011.09.25"]
[EventType "team-tourn"]
[EventRounds "11"]
[EventCountry "HUN"]
[SourceTitle "EXT 2013"]
[Source "ChessBase"]
[SourceDate "2012.11.22"]
[SourceVersion "1"]
[SourceVersionDate "2012.11.22"]
[SourceQuality "1"]
[WhiteTeam "Penzugyor"]
[BlackTeam "Mako"]
[WhiteTeamCountry "HUN"]
[BlackTeamCountry "HUN"]

1. d4 d5 2. c4 c6 3. Nf3 Nf6 4. Qc2 e6 5. g3 Nbd7 6. Bg2 Bd6 7. 0-0 0-0 8. Nbd2 Re8 9. b3 e5 10. dxe5 Nxe5 11. Bb2 dxc4 12. Nxc4 Nxc4 13. bxc4 Qe7 14. Rad1 Bg4 15. h3 Bh5 16. Nh4 Be5 17. Rfe1 Qc5 18. Bxe5 Rxe5 19. Qb2 Rae8 20. Nf3 R5e7 21. Rc1 Ne4 22. e3 Nxg3 23. fxg3 Rxe3 24. Qf2 Bxf3 25. Rxe3 Qxe3 26. Qxe3 Rxe3 27. Kf2 Bxg2 28. Kxe3 Bxh3 29. Rd1 g6 30. Rd8+ Kg7 31. Rb8 b5 32. cxb5 cxb5 33. Rxb5 Bf1 34. Rc5 a6 35. a4 Kf8 36. Rc1 Bg2 37. Re1 Bc6 38. a5 Ke7 39. Kd4+ Kd6 40. g4 h5 41. Rf1 hxg4 42. Rf6+ Kd7 43. Ke5 g3 44. Rxf7+ Kd8 45. Rf6 Kc7 46. Rxg6 g2 47. Rg7+ Bd7 48. Kd5 g1Q 49. Rxg1 Bb5 50. Rg7+ Kc8 51. Kc5 Kb8 52. Kb6 Kc8 53. Ra7 Be2 54. Rc7+ Kd8 55. Rc2 Bb5 56. Kb7 Kd7 57. Rd2+ Ke6 58. Rb2 Bc4 59. Rh2 Kd7 60. Rh4 Bb5 61. Rd4+ Ke7 62. Kc7 Ke6 63. Rd6+ Ke7 64. Rb6 Bf1 65. Rb1 Bc4 66. Re1+ Kf7 67. Kb7 Bb5 68. Rb1 Bd3 69. Rb6 Ke7 70. Rxa6 Bxa6+ 71. Kxa6 1-0

[Event "HUN-chT 1011"]
[Site "Hungary"]
[Date "2011.05.15"]
[Round "11"]
[White "Emodi, Barnabas"]
[Black "Gyorkos, Lajos"]
[Result "0-1"]
[WhiteElo "2369"]
[BlackElo "2388"]
[PlyCount "73"]
[EventDate "2010.10.10"]
[EventType "team-tourn"]
[EventRounds "11"]
[EventCountry "HUN"]
[SourceTitle "EXT 2012"]
[Source "ChessBase"]
[SourceDate "2011.11.24"]
[SourceVersion "1"]
[SourceVersionDate "2011.11.24"]
[SourceQuality "1"]
[WhiteTeam "Penzugyor"]
[BlackTeam "Paks"]
[WhiteTeamCountry "HUN"]
[BlackTeamCountry "HUN"]

1. d4 Nf6 2. Nf3 e6 3. Nc3 d5 4. Bg5 Be7 5. e3 c5 6. Be2 Nc6 7. 0-0 0-0 8. dxc5 Nd7 9. Bxe7 Qxe7 10. Nd4 Nxc5 11. f4 Nd7 12. Qd2 Nf6 13. Nb3 b6 14. Bf3 Ba6 15. Rfe1 Rac8 16. g4 Rfd8 17. Qg2 Ne8 18. a3 Na5 19. Nxa5 bxa5 20. Nd1 Qh4 21. Nc3 Rb8 22. b4 axb4 23. axb4 Rxb4 24. Qd2 Rb6 25. g5 Nd6 26. Qd4 h6 27. gxh6 Qxh6 28. Reb1 Nf5 29. Qd2 Rc6 30. Nd1 Nh4 31. Qf2 Nxf3+ 32. Qxf3 Qg6+ 33. Qg3 Qxc2 34. Rb2 Qf5 35. Rba2 Rdd6 36. Nf2 Rb6 37. Qg5 0-1

[Event "HUN-chT 1011"]
[Site "Hungary"]
[Date "2011.05.01"]
[Round "10"]
[White "Emodi, Barnabas"]
[Black "Taskovits, Istvan"]
[Result "1/2-1/2"]
[WhiteElo "2369"]
[BlackElo "2291"]
[PlyCount "66"]
[EventDate "2010.10.10"]
[EventType "team-tourn"]
[EventRounds "11"]
[EventCountry "HUN"]
[SourceTitle "EXT 2012"]
[Source "ChessBase"]
[SourceDate "2011.11.24"]
[SourceVersion "1"]
[SourceVersionDate "2011.11.24"]
[SourceQuality "1"]
[WhiteTeam "Penzugyor"]
[BlackTeam "Decs"]
[WhiteTeamCountry "HUN"]
[BlackTeamCountry "HUN"]

1. Nf3 d5 2. g3 c6 3. Bg2 Bg4 4. h3 Bh5 5. 0-0 Nd7 6. d3 e5 7. c4 Ngf6 8. Nc3 d4 9. Ne4 Nxe4 10. dxe4 Bd6 11. Nh4 0-0 12. Nf5 Bc5 13. a3 a5 14. b3 b5 15. cxb5 cxb5 16. Qd2 f6 17. Nxg7 Bf7 18. Nf5 Bxb3 19. Qh6 Rf7 20. Qh5 Bf8 21. Bh6 Kh8 22. Rab1 Bc4 23. Rfc1 Qe8 24. Bxf8 Rxf8 25. Qh6 Qg6 26. Qd2 Nc5 27. Rxb5 Nb3 28. Rxb3 Bxb3 29. Rc7 Rf7 30. Rc5 a4 31. f4 Be6 32. g4 Rb8 33. fxe5 Qg5 1/2-1/2

[Event "HUN-chT 1011"]
[Site "Hungary"]
[Date "2011.04.17"]
[Round "9"]
[White "Kaposztas, Miklos"]
[Black "Emodi, Barnabas"]
[Result "1/2-1/2"]
[WhiteElo "2258"]
[BlackElo "2369"]
[PlyCount "35"]
[EventDate "2010.10.10"]
[EventType "team-tourn"]
[EventRounds "11"]
[EventCountry "HUN"]
[SourceTitle "EXT 2012"]
[Source "ChessBase"]
[SourceDate "2011.11.24"]
[SourceVersion "1"]
[SourceVersionDate "2011.11.24"]
[SourceQuality "1"]
[WhiteTeam "Vasas"]
[BlackTeam "Penzugyor"]
[WhiteTeamCountry "HUN"]
[BlackTeamCountry "HUN"]

1. c4 Nf6 2. Nc3 g6 3. e4 d6 4. d4 Bg7 5. Nge2 0-0 6. Ng3 Nc6 7. d5 Nb4 8. Be2 a5 9. 0-0 c6 10. Be3 e6 11. h3 Re8 12. Bf4 exd5 13. exd5 cxd5 14. cxd5 Qb6 15. Na4 Qd8 16. Nc3 Qb6 17. Na4 Qd8 18. Nc3 1/2-1/2

[Event "HUN-chT 1011"]
[Site "Hungary"]
[Date "2011.02.20"]
[Round "6"]
[White "Emodi, Barnabas"]
[Black "Metaxasz, Vaszilisz"]
[Result "1-0"]
[WhiteElo "2369"]
[BlackElo "2140"]
[PlyCount "74"]
[EventDate "2010.10.10"]
[EventType "team-tourn"]
[EventRounds "11"]
[EventCountry "HUN"]
[SourceTitle "EXT 2012"]
[Source "ChessBase"]
[SourceDate "2011.11.24"]
[SourceVersion "1"]
[SourceVersionDate "2011.11.24"]
[SourceQuality "1"]
[WhiteTeam "Penzugyor"]
[BlackTeam "Taban Spartacus"]
[WhiteTeamCountry "HUN"]
[BlackTeamCountry "HUN"]

1. c4 c6 2. Nf3 d5 3. b3 Nf6 4. Bb2 Bf5 5. g3 e6 6. Bg2 Nbd7 7. 0-0 Be7 8. d3 0-0 9. Nbd2 a5 10. a3 Qc7 11. Qc2 h6 12. Rab1 Rfc8 13. Rfc1 Qd8 14. b4 axb4 15. axb4 Ra2 16. Qb3 Rca8 17. Ra1 Rxa1 18. Rxa1 Rxa1+ 19. Bxa1 Qb6 20. Bc3 Bg6 21. Qa4 Kh7 22. h3 Qc7 23. Qa1 Qb6 24. c5 Qc7 25. Qa7 Ne8 26. d4 Qc8 27. Bf1 Bd8 28. e3 Bc7 29. b5 Bb8 30. Qa4 cxb5 31. Bxb5 Nef6 32. Qa8 Be4 33. Bb2 Bxf3 34. Nxf3 e5 35. dxe5 Qxc5 36. Qxb7 Ne4 37. Bxd7 Nxg3 1-0